| 000 | 00447nam a2200169Ia 4500 | ||
|---|---|---|---|
| 001 | 24099 | ||
| 005 | 20260414151021.0 | ||
| 008 | 260414t2006||||xx |||||||||||||| ||spa|| | ||
| 041 | _aESP | ||
| 082 |
_a780.89 _bV39 |
||
| 100 |
_aVega Salvatierra, Zoila Elena _eAUT |
||
| 245 | 0 |
_aVida musical cotidiana en Arequipa durante el oncenio de LeguĂa (1919-1930) _b |
|
| 260 | _c2006 | ||
| 650 | _aABD | ||
| 654 | _aCAU | ||
| 942 |
_cLIB _dJUS _fJUS _2ddc _n |
||
| 999 |
_c24099 _d24099 |
||